[Event "Kiel op 22nd"]
[Site "Kiel"]
[Date "2009.08.04"]
[Round "6"]
[White "Lingnau, Diethard"]
[Black "Lindner, Ulrich"]
[Result "0-1"]
[WhiteElo "1759"]
[BlackElo "1962"]
[PlyCount "58"]
[EventDate "2009.08.01"]
[EventType "swiss"]
[EventRounds "7"]
[EventCountry "GER"]
[SourceTitle "EXT 2010"]
[Source "ChessBase"]
[SourceDate "2010.11.25"]
[SourceVersion "1"]
[SourceVersionDate "2010.11.25"]
[SourceQuality "1"]

1. e4 e6 2. Nf3 d5 3. Nc3 c5 4. d3 Nf6 5. e5 Nfd7 6. g3 Nc6 7. Bf4 Be7 8. h4 b5 9. Bg2 Qb6 10. 0-0 Bb7 11. Re1 0-0 12. Qe2 Rae8 13. Nd1 f6 14. exf6 Bxf6 15. Bd6 Rf7 16. Bf4 e5 17. Bg5 Rfe7 18. Nh2 Nd4 19. Qd2 e4 20. dxe4 dxe4 21. Bf4 Ne5 22. Bxe5 Rxe5 23. Ne3 Nf3+ 24. Bxf3 exf3 25. Nhg4 Re4 26. Nxf6+ Qxf6 27. c3 Rd8 28. Qc2 Qe6 29. Rad1 Re8 0-1

[Event "Kiel op 22nd"]
[Site "Kiel"]
[Date "2009.08.04"]
[Round "5"]
[White "Schmidt, Peter1111"]
[Black "Lingnau, Diethard"]
[Result "1/2-1/2"]
[WhiteElo "1950"]
[BlackElo "1759"]
[PlyCount "55"]
[EventDate "2009.08.01"]
[EventType "swiss"]
[EventRounds "7"]
[EventCountry "GER"]
[SourceTitle "EXT 2010"]
[Source "ChessBase"]
[SourceDate "2010.11.25"]
[SourceVersion "1"]
[SourceVersionDate "2010.11.25"]
[SourceQuality "1"]

1. e4 c5 2. Nf3 d6 3. d4 cxd4 4. Nxd4 Nf6 5. Nc3 Nc6 6. Be3 e6 7. Be2 Be7 8. Qd2 Nxd4 9. Qxd4 a6 10. 0-0 0-0 11. Rad1 Qc7 12. f4 Nd7 13. Rf3 b6 14. Rg3 g6 15. Bf3 Rb8 16. f5 Ne5 17. Kh1 Re8 18. fxg6 hxg6 19. Bg5 f6 20. Bc1 Kf7 21. Rh3 Rg8 22. Rh7+ Rg7 23. Rxg7+ Kxg7 24. Qe3 Nf7 25. Bg4 Bd7 26. Ne2 Rh8 27. h3 Ne5 28. Bf3 1/2-1/2

[Event "Kiel op-A 19th"]
[Site "Kiel"]
[Date "2006.07.22"]
[Round "1"]
[White "Hebbinghaus, Holger"]
[Black "Lingnau, Diethard"]
[Result "1-0"]
[WhiteElo "2302"]
[BlackElo "1905"]
[PlyCount "29"]
[EventDate "2006.07.22"]
[EventType "swiss"]
[EventRounds "9"]
[EventCountry "GER"]
[SourceTitle "CBM 113 Extra"]
[Source "ChessBase"]
[SourceDate "2006.09.14"]
[SourceVersion "1"]
[SourceVersionDate "2006.09.14"]
[SourceQuality "1"]

1. e4 Nc6 2. Nf3 Nf6 3. e5 Ng4 4. d4 d6 5. h3 Nh6 6. Bxh6 gxh6 7. Bb5 a6 8. Bxc6+ bxc6 9. Qe2 Bg7 10. 0-0 0-0 11. Nbd2 Kh8 12. Qe4 Bb7 13. Rfe1 e6 14. Qf4 f5 15. exd6 1-0

[Event "Hamburg Junge op"]
[Site "Hamburg"]
[Date "2005.10.03"]
[Round "3"]
[White "Zehner, Birte"]
[Black "Lingnau, Diethard"]
[Result "0-1"]
[WhiteElo "1629"]
[BlackElo "1905"]
[PlyCount "67"]
[EventDate "2005.10.01"]
[EventType "swiss"]
[EventRounds "9"]
[EventCountry "GER"]
[SourceTitle "CBM 108 Extra"]
[Source "ChessBase"]
[SourceDate "2005.11.04"]
[SourceVersion "1"]
[SourceVersionDate "2005.11.04"]
[SourceQuality "1"]

1. e4 c5 2. Nc3 Nc6 3. f4 g6 4. Nf3 Bg7 5. g3 e6 6. Bg2 Nge7 7. 0-0 d6 8. Ne2 Qb6 9. c3 0-0 10. Kh1 f5 11. d3 Qc7 12. Qb3 h6 13. Bd2 Rb8 14. Rae1 b5 15. exf5 gxf5 16. Nh4 d5 17. Qd1 b4 18. Bc1 Qa5 19. d4 cxd4 20. Nxd4 Nxd4 21. cxd4 Qxa2 22. Qh5 Bd7 23. g4 Be8 24. Ng6 Nxg6 25. Qh3 Bd7 26. g5 hxg5 27. fxg5 Kf7 28. Bf4 Rh8 29. Qg3 Nxf4 30. Qxf4 Rbc8 31. Ra1 Qc4 32. Rxa7 Qc6 33. Qg3 Bxd4 34. Bh3 0-1

[Event "Duisburg Grossenbaum op"]
[Site "Duisburg"]
[Date "2004.05.31"]
[Round "7"]
[White "Lingnau, Diethard"]
[Black "Breuer, Marian"]
[Result "0-1"]
[WhiteElo "1475"]
[BlackElo "1844"]
[PlyCount "60"]
[EventDate "2004.05.28"]
[EventType "swiss"]
[EventRounds "7"]
[EventCountry "GER"]
[SourceTitle "EXT 2006"]
[Source "ChessBase"]
[SourceDate "2005.11.24"]
[SourceVersion "1"]
[SourceVersionDate "2005.11.24"]
[SourceQuality "1"]

1. c4 c5 2. Nf3 Nc6 3. d4 cxd4 4. Nxd4 g6 5. Nc3 Bg7 6. Nc2 Bxc3+ 7. bxc3 Qa5 8. Qd2 Nf6 9. f3 d6 10. e4 Ne5 11. Ne3 Be6 12. Nd5 Nfd7 13. Qd4 Rg8 14. Bd2 Rc8 15. f4 Nc6 16. Qe3 Qa4 17. Rb1 b6 18. Bd3 Na5 19. 0-0 Nxc4 20. Bxc4 Rxc4 21. Rb4 Qxa2 22. Rbb1 f5 23. Nb4 Qa4 24. exf5 Bxf5 25. Ra1 Qb5 26. Rxa7 Re4 27. Qf2 Re2 28. Qd4 Be4 29. Rf2 Nc5 30. Nd5 Qb1+ 0-1

[Event "Greifswald op"]
[Site "Greifswald"]
[Date "2003.08.30"]
[Round "5"]
[White "Walther, Madlen"]
[Black "Lingnau, Diethard"]
[Result "1-0"]
[WhiteElo "1639"]
[BlackElo "1591"]
[PlyCount "133"]
[EventDate "2003.08.??"]
[EventType "swiss"]
[EventRounds "7"]
[EventCountry "GER"]
[SourceTitle "EXT 2005"]
[Source "ChessBase"]
[SourceDate "2004.11.15"]
[SourceVersion "1"]
[SourceVersionDate "2004.11.15"]
[SourceQuality "1"]

1. d4 g6 2. c4 Bg7 3. Nc3 Nf6 4. e4 d6 5. f3 0-0 6. Be3 Nc6 7. Qd2 a6 8. 0-0-0 Rb8 9. g4 e5 10. d5 Nd4 11. h4 b5 12. h5 b4 13. Nb1 b3 14. a3 Nxf3 15. Nxf3 Bxg4 16. Qg2 Bxh5 17. Bg5 h6 18. Bh4 g5 19. Bf2 Bg6 20. Nfd2 Nh5 21. Nc3 Nf4 22. Qh2 Qc8 23. c5 Rd8 24. c6 Bh5 25. Re1 Bg6 26. Bc4 Rf8 27. Qg3 Bh5 28. Rh2 Bg4 29. Be2 Bxe2 30. Nxe2 a5 31. Nc3 Qa6 32. Re3 a4 33. Kb1 f6 34. Qf3 Kf7 35. Bg3 Ra8 36. Bxf4 gxf4 37. Re1 Qc8 38. Qh5+ Ke7 39. Rg1 Rf7 40. Rhg2 Qf8 41. Nb5 Kd8 42. Nf3 f5 43. exf5 Qe7 44. Qg6 Ra5 45. Nc3 e4 46. f6 Qxf6 47. Qxe4 Bf8 48. Nd4 Qe5 49. Ne6+ Ke8 50. Qb4 Ra8 51. Re2 Qf5+ 52. Kc1 Re7 53. Qxf4 Qxf4+ 54. Nxf4 Rxe2 55. Nfxe2 Ra5 56. Kd2 Be7 57. Rh1 Bg5+ 58. Kd3 Kf7 59. Nd4 Kf6 60. Ne6 Ra7 61. Rf1+ Ke7 62. Ne4 Bh4 63. Rh1 Bf6 64. Nxf6 Kxf6 65. Rxh6+ Ke5 66. Rh5+ Kf6 67. Ke4 1-0

[Event "Greifswald Klar op 1st"]
[Site "Greifswald"]
[Date "2003.07.13"]
[Round "7"]
[White "Sommer, Stefan"]
[Black "Lingnau, Diethard"]
[Result "1-0"]
[WhiteElo "1672"]
[BlackElo "1646"]
[PlyCount "55"]
[EventDate "2003.07.10"]
[EventType "swiss"]
[EventRounds "7"]
[EventCountry "GER"]
[SourceTitle "EXT 2005"]
[Source "ChessBase"]
[SourceDate "2004.11.15"]
[SourceVersion "1"]
[SourceVersionDate "2004.11.15"]
[SourceQuality "1"]

1. e4 e5 2. Nf3 Nc6 3. Bb5 a6 4. Ba4 Nf6 5. 0-0 Be7 6. c3 b5 7. Bc2 0-0 8. d4 d6 9. h3 Bd7 10. a3 Ne8 11. Be3 f6 12. Nbd2 Na5 13. b4 Nb7 14. Nh4 g6 15. Bh6 Ng7 16. Nhf3 Qe8 17. Nh2 g5 18. Ng4 Qg6 19. Bxg7 Kxg7 20. Nf3 h5 21. Ne3 c6 22. dxe5 f5 23. exf5 Bxf5 24. Nxf5+ Rxf5 25. Bxf5 Qxf5 26. Nd4 Qd7 27. e6 Qe8 28. Nf5+ 1-0

[Event "Greifswald Klar op 1st"]
[Site "Greifswald"]
[Date "2003.07.11"]
[Round "3"]
[White "Voelschow, Toni Eleonore"]
[Black "Lingnau, Diethard"]
[Result "1-0"]
[WhiteElo "1484"]
[BlackElo "1646"]
[PlyCount "48"]
[EventDate "2003.07.10"]
[EventType "swiss"]
[EventRounds "7"]
[EventCountry "GER"]
[SourceTitle "EXT 2005"]
[Source "ChessBase"]
[SourceDate "2004.11.15"]
[SourceVersion "1"]
[SourceVersionDate "2004.11.15"]
[SourceQuality "1"]

1. e4 c5 2. Nc3 e6 3. g3 Nc6 4. Bg2 g6 5. d3 Bg7 6. Be3 b6 7. f4 Nge7 8. Nf3 d5 9. exd5 exd5 10. Bf2 d4 11. Ne2 Rb8 12. c3 dxc3 13. bxc3 0-0 14. 0-0 Bb7 15. d4 Ba6 16. Re1 Bxe2 17. Rxe2 Nd5 18. Qd2 cxd4 19. cxd4 f6 20. Rae1 Qd7 21. Re6 Rfe8 22. Bh3 Qf7 23. Rxc6 Rxe1+ 24. Qxe1 Re8 1-0